000
00318nam a2200121Ia 4500
005
20251222154407.0
008
251222s9999||||xx |||||||||||||| ||spa||
020
_a
84-7923-008-8
082
_a
465/S22
100
_a
"Sánchez,R.Becerra, J.Martín, E."
245
0
_a
Lengua española y géneros literarios
942
_c
LIB
999
_c
35519
_d
35519